A carregar...
Charithra Noval Malayalathil
| Autor principal: | |
|---|---|
| Formato: | Printed Book |
| Idioma: | Undetermined |
| Publicado em: |
Thrissur
Kerala sahithya academy
2005
|
| Edição: | 2 |
| Assuntos: |
| LEADER | 00579nam a2200181Ia 4500 | ||
|---|---|---|---|
| 008 | 140316s9999 xx 000 0 und d | ||
| 020 | |a 8176900869 | ||
| 082 | |a 818 |b BAL/CH | ||
| 100 | |a Balakrishnan,Kalpatta | ||
| 245 | |a Charithra Noval Malayalathil | ||
| 250 | |a 2 | ||
| 260 | |a Thrissur |b Kerala sahithya academy |c 2005 | ||
| 300 | |a 337 | ||
| 650 | |a charithranoval | ||
| 650 | |a sahithya charithram | ||
| 942 | |2 ddc |c BK | ||
| 999 | |c 7643 |d 7643 | ||
| 952 | |0 0 |1 0 |2 ddc |4 0 |6 818_000000000000000_BALCH |7 0 |9 8807 |a KAUCLV |b KAUCLV |c GENERAL |d 2014-03-18 |o 818 BAL/CH |p 215617 |r 2014-03-18 |w 2014-03-18 |y BK | ||